000 00749 a2200301 4500
260 _aRome
711 _d2-7 juillet 2007
711 _cRome
440 _n30
260 _bFAO
260 _bOMS
245 _aCommission du codex alimentarius : rapport de la trentième session
300 _aviii - 169 p.
650 _aCODEX ALIMENTARIUS
650 _aLEGISLATION ALIMENTAIRE
260 _c2007
130 _lFr
440 _aProgramme mixte FAO/OMS sur les normes alimentaires
710 _aFAO
710 _aOMS
440 _x1020-4105
020 _a978-92-5-205810-6
999 _c32685
_d32685